banner koha

Contratos de utilizacao florestal com referencia especial a Amazonia Brasileira [recurso florestal] (Registro n. 268589)

MARC details
000 -LÍDER
campo de controle de tamanho fixo 01018nac a22002897a 4500
001 - NÚMERO DE CONTROLE
campo de controle BR7806065
003 - IDENTIFICADOR DO NÚMERO DE CONTROLE
campo de controle BR-BrBNA
005 - DATA E HORÁRIO DA ÚLTIMA TRANSAÇÃO
campo de controle 20240105114315.0
008 - CAMPO DE DADOS FIXOS--INFORMAÇÃO GERAL
campo de controle de tamanho fixo 230509b bl.|||m| |||| 00| 0 por d
040 ## - FONTE DA CATALOGAÇÃO
Instituição da catalogação original BR-BrBNA
Idioma da catalogação por
Instituição que transcreveu o registro Biblioteca Nacional de Agricultura
072 ## - CÓDIGO DE CATEGORIA DE ASSUNTO
Código de Categoria de Assunto K10; K20
090 ## - NÚMERO DE CHAMADA LOCAL
Número de chamada K10 BR7806065
100 1# - ENTRADA PRINCIPAL--NOME PESSOAL
Nome pessoal Schmithusen, F.
110 1# - ENTRADA PRINCIPAL--NOME CORPORATIVO
Nome corporativo ou nome da jurisdição Projeto de Desenvolvimento e Pesquisa Florestal, Brasilia, DF (Brasil)
9 (RLIN) 8062
245 1# - TÍTULO
Título Contratos de utilizacao florestal com referencia especial a Amazonia Brasileira [recurso florestal]
Restante do título PNUD/FAO/IBDF/BRA/76/027
260 3# - PUBLICAÇÃO, DISTRIBUIÇÃO, ETC.
Local de publicação, distribuição, etc. Brasilia, DF (Brasil):
Data da publicação, distribuição, etc. 1978.
300 ## - DESCRIÇÃO FÍSICA
Extensão 35 p.
490 ## - TÍTULO DA SÉRIE
Título da série Serie Tecnica - Projeto de Desenvolvimento e Pesquisa Florestal (Brazil)
Número do volume ou designação sequencial da série no. 12
ISSN - International Standard Serial Number
500 ## - NOTA GERAL
Nota geral 15 ref.; Summary (Pt)
650 ## - ASSUNTO--TERMO TÓPICO
Cabeçalho tópico ou nome geográfico POLITICA FLORESTAL
650 ## - ASSUNTO--TERMO TÓPICO
Cabeçalho tópico ou nome geográfico RECURSO FLORESTAL
650 ## - ASSUNTO--TERMO TÓPICO
Cabeçalho tópico ou nome geográfico LEGISLACAO
650 ## - ASSUNTO--TERMO TÓPICO
Cabeçalho tópico ou nome geográfico RECONHECIMENTO FLORESTAL
650 ## - ASSUNTO--TERMO TÓPICO
Cabeçalho tópico ou nome geográfico AMAZONIA
909 ## -
-- 202312
-- Lúcia Elande
-- 55
-- Lúcia Elande
942 ## - ELEMENTOS DE ENTRADA ADICIONADOS (KOHA)
Fonte da classificação ou esquema de arquivamento na estante Classificação AGRIS
Ocultar no OPAC Não
Tipo de material Koha Monografia Seriada
Exemplares
Situação do descarte Fonte da classificação ou esquema de arquivamento na estante Situação física Não pode ser emprestado Biblioteca de origem Biblioteca atual Total de empréstimos Número de telefone completo Código de barras Data de último acesso Tipo de material Koha Situação das perdas Data de aquisição Fonte de aquisição Qualificador de local codificado Custo, preço normal de compra Número do inventário Custo, preço de reposição Preço efetivo de
  Classificação AGRIS     Biblioteca Nacional de Agricultura - Binagri Biblioteca Nacional de Agricultura - Binagri   K10 BR7806065 2024-7047 18/12/2023 Monografia Seriada     Portaria Interministerial nº 164/94          

BINAGRI

Telefone: (61)3218-2567/2388/3357/2097 - binagri@agro.gov.br

Ministério da Agricultura e Pecuária , Esplanada dos Ministérios, Bloco D, Anexo B, Brasília/DF, CEP: 70.043-900